Responses for Show #7343 - Wednesday, July 13, 2016

Contestants

[<< previous game]

Benn Millman, a bank operations manager from Vancouver, British Columbia

Sue Baker, a medical coder from Madison, Wisconsin

Jason George, a management consultant originally from Philadelphia, Pennsylvania (whose 2-day cash winnings total $53,600)

[next game >>]

Jeopardy! Round responses

PLACES, EVERYONE
SITCOM LAST NAMES
TEQUILA
"LOG" JAM
BEFORE THEY WERE FIRST LADIES
PETER THE NOT GREAT
    $200 6
Europe

Triple Stumper
    $200 16
Clampett

Sue
    $200 11
a margarita

Benn
    $200 2
a clog dance

Jason
    $200 26
Hillary Clinton

Benn
    $200 22
Esperanto

Benn
    $400 7
the Sea of Galilee

Benn
    $400 17
Bunker

Benn
    $400 12
(Benn: What is [*]?)
(Alex: That's it.)
(Benn: Ooh, drinking paid off.)

silver

Benn
    $400 4
log out

Benn
    $400 27
Nancy Reagan

Sue
    $400 23
a wolverine

Jason
    $600 8
Champagne

Sue
    $600 18
Cleaver

Benn
    $600 13
Jose Cuervo

Triple Stumper
    $600 3
backlog

Benn
    $2,000 28
Jackie Kennedy

Sue
    $600 24
Enron

Jason
    $800 9
Benghazi

Jason
    $800 19
Harper

Triple Stumper
    $800 14
agave

Benn
    $800 1
logarithm

Benn
    $800 29
(Benn: Who is Laura Bush?)

Lady Bird Johnson

SueBenn
    $800 21
gefilte fish

Sue
    $1000 10
the Ginza

Benn
    $1000 20
(Benn: Ah, no. That's not it at all. [Laughter] What is Romano?)

Barone

JasonBenn
    $1000 15
Jalisco

Triple Stumper
    $1000 5
an ideologue

Triple Stumper
    $1000 30
Lou Henry Hoover

Triple Stumper
    $1000 25
the anterior cruciate ligament

Jason

Scores at the first commercial break (after clue 15):

Jason Sue Benn
$1,000 $600 $4,600

Scores at the end of the Jeopardy! Round:

Jason Sue Benn
$4,000 $4,800 $4,200

Double Jeopardy! Round responses

WHO'S YOUR DADDY?
POLYSYLLABIC
TEASING
AMERICAN NOVELISTS
FOO FIGHTERS
LEARN TO FLY
    $400 12
Prince Philip

Sue
    $400 11
identical

Sue
    $400 16
"na"

Benn
    $400 21
The Poseidon Adventure

Triple Stumper
    $400 23
Nirvana

Jason
    $400 5
aluminum

Jason
    $800 13
Erik the Red

Jason
    $800 10
(Jason: What is numerator?)

denominator

JasonBenn
    $800 17
bullying

Benn
    $800 22
Louisa May Alcott

Triple Stumper
    $800 24
UFOs

Benn
    $800 4
Rolls-Royce

Sue
    $1200 14
David

Jason
    $1200 7
procrastination

Jason
    $1200 18
John Cleese

Benn
    $1200 26
police

Sue
    $1200 25
"my hero"

Triple Stumper
    $1200 3
ailerons

Benn
    $1600 1
(Alex: Daddy was [*].)

Charlemagne

Triple Stumper
    $1600 8
(Jason: What is colonialism?)

imperialism

Jason
Triple Stumper
    $1600 19
backcombing

Triple Stumper
    $1600 27
Toni Morrison

Triple Stumper
    $1600 29
"Sonic Highways"

Triple Stumper
    $4,000 2
a wind tunnel

Jason
    $2000 15
(Jason: Who is Philip?)

Hamilcar Barca

Jason
Triple Stumper
    $4,000 9
abolitionist

Jason
    $2000 20
Mensa

Sue
    $2000 28
Day of the Locust

Jason
    $2000 30
"Everlong"

Triple Stumper
    $2000 6
ornithopters

Triple Stumper

Scores at the end of the Double Jeopardy! Round:

Jason Sue Benn
$13,600 $9,600 $9,400

[wagering suggestions for these scores]

Final Jeopardy! Round responses

THE WESTERN HEMISPHERE
BennWhat is the Galapagos?
$9,396
SueWhat are the Galapagos Islands?
$9,400
JasonWhat are the Cook Islands?
$5,601
the Galapagos Islands

Final scores:

Jason Sue Benn
$7,999 $19,000 $18,796
3rd place: $1,000 New champion: $19,000 2nd place: $2,000

Game dynamics:

Coryat scores:

Jason Sue Benn
$9,200 $8,200 $9,400
14 R
(including 2 DDs),
3 W
11 R
(including 1 DD),
0 W
18 R,
2 W

Combined Coryat: $26,800

[game clues] [game scores] [suggest correction]

Game tape date: 2016-04-25
The J! Archive is created by fans, for fans. Scraping, republication, monetization, and malicious use prohibited; this site may use cookies and collect identifying information. See terms. The Jeopardy! game show and all elements thereof, including but not limited to copyright and trademark thereto, are the property of Jeopardy Productions, Inc. and are protected under law. This website is not affiliated with, sponsored by, or operated by Jeopardy Productions, Inc. Join the discussion at JBoard.tv.